| 000 | 00775nam a2200205Ii 4500 | ||
|---|---|---|---|
| 003 | JO-AjNU | ||
| 008 | 230605s9999||||xx |||||||||||||| ||und|| | ||
| 040 |
_aJO-AjNU _bara _erda _cJO-AjNU |
||
| 041 | _aara | ||
| 050 | 1 | 4 | _aPJ7750.I21.A15 1993 |
| 100 | 3 |
_aتحقيق عباس،إحسان, _eauthor _99222 |
|
| 245 | 0 | 0 | _aطوق الحمامة في الألفة والألالف |
| 250 | _aط1 | ||
| 264 | 3 | 1 | _aبيروت:المؤسسة العربية للدراسات والنشر،1993 ؛ عمان:دار الفارس،1993 |
| 300 |
_a322ص _bملحق:ص(311-319) |
||
| 336 |
_atext _btxt _2rdacontent |
||
| 337 |
_aunmediated _bn _2rdamedia |
||
| 338 |
_avolume _bnc _2rdacarrier |
||
| 650 | 4 |
_aالأدب العربي - الرسائل العربية - الأندلس _99223 |
|
| 999 |
_aA1188 _c4756 _d4756 |
||